Propuesta de anteproyecto de revitalización del mercado municipal de Granada y su entorno

La propuesta de anteproyecto de revitalización del mercado municipal de Granada y su entorno, está conformada por los temas concernientes al marco teórico relacionado con la revitalización del mercado municipal, cuyo fin es la recuperación de un edificio de alto valor histórico y patrimonial p...

Full description

Bibliographic Details
Main Authors: Cortez Espinales, Grethel Vanessa, Mena Loásiga, Daniel Alfonzo, Rodríguez Sandino, Gerlim Mercedes
Other Authors: Tutor: Támez Grenda, Gundel
Format: Tesis Section = Libro
Language:Undetermined
Spanish
Published: Managua UNI 2012
Subjects:
LEADER 01326nam a2200277Ia 4500
008 240830s9999 xx 000 0 und d
040 |a BIBLIOTECA-RUSB/ Mon 725.2 C828 
041 |a spa 
082 |a Mon 725.2 C828 
100 1 |a Cortez Espinales, Grethel Vanessa 
100 1 |b Mena Loásiga, Daniel Alfonzo 
100 1 |c Rodríguez Sandino, Gerlim Mercedes 
245 1 0 |a Propuesta de anteproyecto de revitalización del mercado municipal de Granada y su entorno 
260 |a Managua  |b UNI  |c 2012 
300 |a 175 p. :il. 
502 |a Tesis (Arquitecto) - UNI, 2012. 
520 3 |a La propuesta de anteproyecto de revitalización del mercado municipal de Granada y su entorno, está conformada por los temas concernientes al marco teórico relacionado con la revitalización del mercado municipal, cuyo fin es la recuperación de un edificio de alto valor histórico y patrimonial para la ciudad y el mejoramiento del entorno comercial. 
650 7 |a EDIFICIOS DE COMERCIO - MERCADO - GRANADA 
650 7 |b  DIAGNSOTICO - MERCADO MUNICIPAL - GRANADA 
650 7 |c  CONSERVACION - REVITALIZACION - MERCADO MUNICIPAL 
650 7 |d  EDIFICIOS PATRIMONIALES - MERCADO MUNICIPAL 
650 7 |e  DISEÑO ARQUITECTONICOS 
700 1 |a Tutor:  |b Támez Grenda, Gundel 
942 |c BK  |2 ddc 
991 |a TESIS 
999 |c 21219